Retail outlook United States Q1 2012 (Record no. 84068)
[ view plain ]
| 000 -LEADER | |
|---|---|
| fixed length control field | 01469cad a22002175a 4500 |
| 001 - CONTROL NUMBER | |
| control field | L156542 |
| 008 - FIXED-LENGTH DATA ELEMENTS--GENERAL INFORMATION | |
| fixed length control field | 120606s2012 xxk 000 0 eng d |
| 035 ## - SYSTEM CONTROL NUMBER | |
| System control number | (Sirsi) u156542 |
| 041 0# - LANGUAGE CODE | |
| Language code of text/sound track or separate title | eng |
| 110 2# - MAIN ENTRY--CORPORATE NAME | |
| Corporate name or jurisdiction name as entry element | Jones Lang LaSalle |
| 9 (RLIN) | 3755 |
| 245 00 - TITLE STATEMENT | |
| Title | Retail outlook United States Q1 2012 |
| Medium | [electronic resource] |
| 260 ## - PUBLICATION, DISTRIBUTION, ETC. | |
| Place of publication, distribution, etc. | [S.l.] |
| Name of publisher, distributor, etc. | JLL |
| Date of publication, distribution, etc. | 2012 |
| 490 #0 - SERIES STATEMENT | |
| Series statement | Jones Lang LaSalle Retail Outlook United States |
| Volume/sequential designation | Q1 2012 |
| 520 ## - SUMMARY, ETC. | |
| Summary, etc. | Retail properties serving national tenants such as malls, power centres and outlet centres are seeing the greatest vacancy rate compression as these tenants continue expanding their portfolios. Healthy retail will follow rooftops notably in the Sun Belt areas of Texas, Florida, the Carolinas, Atlanta and Phoenix. Secondary markets in particular have seen a revival in transaction volume, 27% up in the last six month, and major metros saw a rise of 16% in transaction volume whereas tertiary markets were down by 4%. |
| 520 ## - SUMMARY, ETC. | |
| Summary, etc. | Key take-aways -- economic performance Q1 2012 -- national retail market -- United States retail market statistics -- local market statistics by property type -- retail capital markets -- retail property clock -- local retail market in 16 US cities. |
| 590 ## - LOCAL NOTE (RLIN) | |
| Local note | KA |
| 651 #4 - SUBJECT ADDED ENTRY--GEOGRAPHIC NAME | |
| Geographic name | United States |
| 690 ## - LOCAL SUBJECT ADDED ENTRY--TOPICAL TERM (OCLC, RLIN) | |
| Topical term or geographic name as entry element | Commercial property |
| 9 (RLIN) | 6227 |
| 856 40 - ELECTRONIC LOCATION AND ACCESS | |
| Uniform Resource Identifier | <a href="https://www.us.am.joneslanglasalle.com/ResearchLevel1/US_Retail%20Outlook_Q1-2012.pdf">https://www.us.am.joneslanglasalle.com/ResearchLevel1/US_Retail%20Outlook_Q1-2012.pdf</a> |
| Public note | View the report at www.us.am.joneslanglasalle.com |
| 942 ## - ADDED ENTRY ELEMENTS (KOHA) | |
| Suppress in OPAC | 0 |
| Withdrawn status | Lost status | Source of classification or shelving scheme | Damaged status | Not for loan | Home library | Current library | Shelving location | Date acquired | Total Checkouts | Full call number | Barcode | Date last seen | Copy number | Price effective from | Koha item type |
|---|---|---|---|---|---|---|---|---|---|---|---|---|---|---|---|
| Dewey Decimal Classification | Virtual | Virtual | Online | 03/06/2012 | ONLINE PUBLICATION | 156542-2001 | 06/08/2019 | 1 | 06/08/2019 | Book |